000 00652cam a2200193 i 4500
005 20250911161037.0
020 _a9781399818339
082 _a956.953 044 ROS/I
100 1 _aRoss, Stewart,
_98
245 1 4 _aThe Israeli-Palestinian conflict /
_cby Stewart Ross.
260 _a. - U.K
_b: Hodder Education
_c, 2024
300 _axvi, 332 pages :
_bmaps ;
490 1 _aTeach yourself
500 _aOriginally published as: Teach yourself the Israeli-Palestinian conflict. 2007.
504 _aIncludes bibliographical references (pages 284-285) and index.
650 0 _aArab-Israeli conflict.
_99
700 1 _aRoss, Stewart.
_98
942 _2ddc
_cBK
999 _c751300
_d751300